ბათუმის შოთა რუსთაველის სახელმწიფო უნივერსიტეტის ბიბლიოთეკა

The Dukan Diet Recipe Book (ბიბ.ჩანაწერი № 47355)

000 -LEADER
fixed length control field 00451nam a2200205Ia 4500
001 - CONTROL NUMBER
control field 14216
003 - CONTROL NUMBER IDENTIFIER
control field GE_BSU
008 - FIXED-LENGTH DATA ELEMENTS--GENERAL INFORMATION
fixed length control field 181216s||||||||xx |||||||||||||| ||und||
020 ## - INTERNATIONAL STANDARD BOOK NUMBER
International Standard Book Number 9781444710359
040 ## - CATALOGING SOURCE
Transcribing agency GE_BSU
080 ## - UNIVERSAL DECIMAL CLASSIFICATION NUMBER
Universal Decimal Classification number 615
100 ## - MAIN ENTRY--PERSONAL NAME
Personal name Dukan, Dr. Pierre
245 #4 - TITLE STATEMENT
Title The Dukan Diet Recipe Book
260 ## - PUBLICATION, DISTRIBUTION, ETC.
Place of publication, distribution, etc. London
260 ## - PUBLICATION, DISTRIBUTION, ETC.
Name of publisher, distributor, etc. Hodder & Stoughton
260 ## - PUBLICATION, DISTRIBUTION, ETC.
Date of publication, distribution, etc. 2010
300 ## - PHYSICAL DESCRIPTION
Extent 390p.21cm.
653 ## - INDEX TERM--UNCONTROLLED
Uncontrolled term The Dukan Diet
942 ## - ADDED ENTRY ELEMENTS (KOHA)
Koha item type წიგნი
ეგზემპლარები
Withdrawn status Lost status Damaged status Not for loan Date acquired Barcode Date last seen Price effective from Koha item type
        2018-12-17 37390 2018-12-17 2018-12-17 წიგნი